| 000 | 00797nam a22002777a 4500 | ||
|---|---|---|---|
| 003 | CHAP | ||
| 005 | 20220329134109.0 | ||
| 008 | 971013s1979 r 00010 d | ||
| 010 | _a15332 | ||
| 011 | _a16304 | ||
| 035 | _a20383 | ||
| 040 | _cCHAP | ||
| 082 |
_a551.5 _bG72 |
||
| 100 | 0 | 0 |
_aGribbin, John _eed. _950654 |
| 245 | _aClimatic change | ||
| 260 |
_aLondon : _bCabridge University, _c1979 |
||
| 300 |
_a280 p. _b; gráfs |
||
| 590 |
_aBATCH-UPD _b10 _c20130110 _lUCH01 _h1350 |
||
| 590 |
_aBATCH-UPD _b10 _c20130410 _lUCH01 _h0847 |
||
| 590 |
_aBATCH-UPD _b10 _c20130914 _lUCH01 _h0949 |
||
| 590 |
_aCONVERSION _b10 _c20130109 _lUCH01 _h1310 |
||
| 650 | 1 | 4 |
_aClimatología. _923864 |
| 901 | _aBK | ||
| 942 | _cLIBRO | ||
| 949 |
_a551.5 G72 _bBC _cLIBRO _d33724000240032 _eLIBRO _h55916 _i20383 _si |
||
| 999 |
_c15332 _d15332 |
||